[Event "Titled Tuesday intern op 03rd Jan Late"]
[Site "Chess.com INT"]
[Date "2025.06.03"]
[Round "4"]
[White "Garg, Priyansh"]
[Black "Belov, Alexei"]
[Result "0-1"]
[WhiteElo "2102"]
[BlackElo "2421"]
[PlyCount "68"]
[EventDate "2025.06.03"]
[EventType "swiss (blitz)"]
[EventRounds "11"]
[EventCountry "USA"]
[SourceTitle "CB24_2025"]
[SourceDate "2025.06.11"]
[SourceVersion "1"]
[SourceVersionDate "2025.06.11"]
[SourceQuality "1"]

1. d4 d5 2. Nc3 e6 3. Bf4 Bd6 4. e3 Bxf4 5. exf4 Ne7 6. Nf3 b6 7. g3 h6 8. Bg2 Ba6 9. Ne5 c5 10. Ne2 Nbc6 11. c3 cxd4 12. Nxd4 Nxe5 13. Qa4+ Qd7 14. Qxa6 N5c6 15. 0-0 Nxd4 16. cxd4 0-0 17. Rfc1 Rfc8 18. Bf1 Rc7 19. Bb5 Qd6 20. Rc3 Rac8 21. Rac1 g6 22. a4 Kg7 23. a5 Nf5 24. axb6 axb6 25. Qxc8 Rxc8 26. Rxc8 Nxd4 27. Bf1 e5 28. Rd1 Nf3+ 29. Kg2 exf4 30. Kxf3 Qe6 31. Rc3 Qe4+ 32. Kg4 f3+ 33. Kh3 h5 34. Bd3 Qg4# 0-1

[Event "Titled Tuesday intern op 03rd Jan Late"]
[Site "Chess.com INT"]
[Date "2025.06.03"]
[Round "1"]
[White "Montano Vicente, Guadalupe"]
[Black "Belov, Alexei"]
[Result "1/2-1/2"]
[WhiteElo "1940"]
[BlackElo "2421"]
[PlyCount "137"]
[EventDate "2025.06.03"]
[EventType "swiss (blitz)"]
[EventRounds "11"]
[EventCountry "USA"]
[SourceTitle "CB24_2025"]
[SourceDate "2025.06.11"]
[SourceVersion "1"]
[SourceVersionDate "2025.06.11"]
[SourceQuality "1"]

1. d4 d5 2. c4 e6 3. Nc3 Be7 4. Nf3 Nf6 5. Bg5 Nbd7 6. e3 0-0 7. Rc1 a6 8. c5 c6 9. Be2 b6 10. cxb6 Qxb6 11. Qc2 c5 12. 0-0 cxd4 13. Nxd4 Bb7 14. Na4 Qa5 15. Bxf6 Nxf6 16. Nc5 Bxc5 17. Qxc5 Qxc5 18. Rxc5 Rfc8 19. Rfc1 Ne4 20. Rc7 Rab8 21. f3 Nd6 22. Rxc8+ Rxc8 23. Rxc8+ Bxc8 24. b3 Kf8 25. Bd3 Bb7 26. f4 h6 27. Kf2 Ke7 28. a4 f6 29. Nf3 g5 30. g3 Nf7 31. h3 e5 32. fxe5 Nxe5 33. Nxe5 fxe5 34. Bf5 Kd6 35. Ke2 a5 36. Kd2 Kc5 37. Kc3 d4+ 38. exd4+ exd4+ 39. Kb2 Ba6 40. h4 Kd5 41. Kc2 Ke5 42. Bg6 gxh4 43. gxh4 Kf4 44. Kd2 Kg4 45. h5 Kg5 46. Bf7 Kf4 47. Bg6 Ke5 48. Bf7 Kd6 49. Bg8 Kc5 50. Bf7 Bb7 51. Be6 Bd5 52. Bxd5 Kxd5 53. Kc2 Ke4 54. Kd2 d3 55. b4 axb4 56. a5 b3 57. a6 b2 58. a7 b1Q 59. a8Q+ Kf4 60. Qf8+ Kg5 61. Qg7+ Kxh5 62. Qe5+ Kg4 63. Qe6+ Kf3 64. Qf5+ Kg3 65. Qg6+ Kf2 66. Qf6+ Kg3 67. Qg6+ Kf3 68. Qf5+ Kg3 69. Qg6+ 1/2-1/2

[Event "Titled Tuesday intern op 20th May Late"]
[Site "Chess.com INT"]
[Date "2025.05.20"]
[Round "2"]
[White "Belov, Alexei"]
[Black "Martinez Alcantara, Jose Eduardo"]
[Result "0-1"]
[WhiteElo "2421"]
[BlackElo "2611"]
[PlyCount "58"]
[EventDate "2025.05.20"]
[EventType "swiss (blitz)"]
[EventRounds "11"]
[EventCountry "USA"]
[SourceTitle "CB22_2025"]
[SourceDate "2025.05.28"]
[SourceVersion "1"]
[SourceVersionDate "2025.05.28"]
[SourceQuality "1"]

1. e4 c5 2. Nf3 d6 3. d4 cxd4 4. Nxd4 a6 5. Nc3 e6 6. Be2 b5 7. Bf3 Bb7 8. 0-0 Nd7 9. a4 bxa4 10. Re1 Ngf6 11. Nxa4 Be7 12. c4 0-0 13. b3 Ne5 14. Bg5 h6 15. Bxf6 Bxf6 16. Rc1 Rb8 17. Nc3 Nc6 18. Nxc6 Bxc6 19. Qd3 Be5 20. Rb1 Qa5 21. Ne2 Qc5 22. Red1 Rb6 23. g3 Rfb8 24. Bg2 a5 25. Kf1 a4 26. f4 Rxb3 27. Rxb3 Rxb3 28. Qc2 Bf6 29. Qd2 a3 0-1

[Event "Titled Tuesday intern op 20th May Late"]
[Site "Chess.com INT"]
[Date "2025.05.20"]
[Round "4"]
[White "Belov, Alexei"]
[Black "Martinez Pla, Xavier"]
[Result "1-0"]
[WhiteElo "2421"]
[BlackElo "2282"]
[PlyCount "47"]
[EventDate "2025.05.20"]
[EventType "swiss (blitz)"]
[EventRounds "11"]
[EventCountry "USA"]
[SourceTitle "CB22_2025"]
[SourceDate "2025.05.28"]
[SourceVersion "1"]
[SourceVersionDate "2025.05.28"]
[SourceQuality "1"]

1. e4 c5 2. Nf3 e6 3. d4 cxd4 4. Nxd4 Nc6 5. Nc3 Qc7 6. Be2 a6 7. 0-0 Nf6 8. a4 Be7 9. Be3 d6 10. f4 0-0 11. Kh1 Bd7 12. Nb3 b6 13. Bf3 Rfe8 14. Qe2 Bc8 15. e5 Nd7 16. exd6 Bxd6 17. Rad1 Nf6 18. Nd4 Bb7 19. Ndb5 axb5 20. Nxb5 Ba6 21. Nxc7 Bxe2 22. Nxe8 Bxd1 23. Nxf6+ gxf6 24. Rxd1 1-0

[Event "Titled Tuesday intern op 20th May Late"]
[Site "Chess.com INT"]
[Date "2025.05.20"]
[Round "3"]
[White "Hiwale, Ronak"]
[Black "Belov, Alexei"]
[Result "1-0"]
[WhiteElo "2105"]
[BlackElo "2421"]
[PlyCount "99"]
[EventDate "2025.05.20"]
[EventType "swiss (blitz)"]
[EventRounds "11"]
[EventCountry "USA"]
[SourceTitle "CB22_2025"]
[SourceDate "2025.05.28"]
[SourceVersion "1"]
[SourceVersionDate "2025.05.28"]
[SourceQuality "1"]

1. Nf3 d5 2. g3 e6 3. Bg2 Nf6 4. d3 Be7 5. 0-0 0-0 6. Nc3 c5 7. e4 d4 8. Ne2 Nc6 9. Ne1 e5 10. f4 Re8 11. f5 Nd7 12. h3 Bg5 13. g4 Bxc1 14. Qxc1 a6 15. Nf3 b5 16. g5 f6 17. g6 hxg6 18. fxg6 Nf8 19. Nh4 Ne7 20. Ng3 Nexg6 21. Nhf5 Nf4 22. Rxf4 exf4 23. Qxf4 Ra7 24. Rf1 Qc7 25. Qh4 Ng6 26. Qh5 Kf7 27. Ne2 Rh8 28. Qg4 Bxf5 29. exf5 Ne5 30. Bd5+ Kf8 31. Qg2 Rh5 32. Nf4 Rg5 33. Ne6+ Ke7 34. Nxg5 fxg5 35. Qxg5+ Kd6 36. Be4 Qe7 37. f6 gxf6 38. Rxf6+ Kd7 39. Qf5+ Kd8 40. Rf8+ Kc7 41. Qc8+ Kb6 42. Qd8+ Qxd8 43. Rxd8 Rg7+ 44. Kf2 Rf7+ 45. Kg3 Rf1 46. Rd6+ Ka5 47. a3 Rc1 48. Bb7 b4 49. Rxa6+ Kb5 50. a4# 1-0

[Event "Titled Tuesday intern op 06th May Early"]
[Site "Chess.com INT"]
[Date "2025.05.06"]
[Round "4"]
[White "Belov, Alexei"]
[Black "Turcsanyi, Vince Gergo"]
[Result "1-0"]
[WhiteElo "2421"]
[BlackElo "2321"]
[PlyCount "63"]
[EventDate "2025.05.06"]
[EventType "swiss (blitz)"]
[EventRounds "11"]
[EventCountry "USA"]
[SourceTitle "CB20_2025"]
[SourceDate "2025.05.14"]
[SourceVersion "1"]
[SourceVersionDate "2025.05.14"]
[SourceQuality "1"]

1. e4 e5 2. Nf3 Nc6 3. Bb5 a6 4. Ba4 d6 5. c3 g5 6. h3 Bd7 7. d4 Be7 8. d5 Nb8 9. Bxd7+ Nxd7 10. c4 h5 11. Nc3 Nh6 12. Be3 f5 13. exf5 Nxf5 14. Qd3 Nxe3 15. Qg6+ Kf8 16. fxe3 Qe8 17. Qf5+ Kg7 18. Nxg5 Bxg5 19. Qxg5+ Qg6 20. Qe7+ Qf7 21. Qh4 Raf8 22. Ne4 Qg6 23. 0-0-0 Rf5 24. Rhf1 Rhf8 25. Rxf5 Rxf5 26. g4 Rf3 27. Ng5 Rxe3 28. Ne6+ Kh6 29. Qd8 Re2 30. g5+ Kh7 31. Qxd7+ Kh8 32. Qd8+ 1-0

[Event "Titled Tuesday intern op 06th May Early"]
[Site "Chess.com INT"]
[Date "2025.05.06"]
[Round "1"]
[White "Liu, Zhaoqi"]
[Black "Belov, Alexei"]
[Result "1-0"]
[WhiteElo "2400"]
[BlackElo "2421"]
[PlyCount "67"]
[EventDate "2025.05.06"]
[EventType "swiss (blitz)"]
[EventRounds "11"]
[EventCountry "USA"]
[SourceTitle "CB20_2025"]
[SourceDate "2025.05.14"]
[SourceVersion "1"]
[SourceVersionDate "2025.05.14"]
[SourceQuality "1"]

1. c4 e6 2. Nc3 d5 3. d4 Be7 4. cxd5 exd5 5. Bf4 c6 6. e3 Bf5 7. Nge2 Nd7 8. Ng3 Bg6 9. h4 h5 10. Bd3 Bxd3 11. Qxd3 Bxh4 12. Nf5 Bf6 13. e4 g6 14. Nd6+ Kf8 15. e5 Bg5 16. Qe3 Bxf4 17. Qxf4 Qe7 18. 0-0-0 Nb6 19. g4 h4 20. g5 Qe6 21. Rxh4 Rxh4 22. Qxh4 Nc4 23. Nxc4 dxc4 24. Ne4 b5 25. Nf6 c3 26. Qh8 Qxa2 27. bxc3 Qa3+ 28. Kd2 Qa2+ 29. Ke3 Ke7 30. Nxg8+ Ke6 31. Qf6+ Kd5 32. Ne7+ Kc4 33. Qxc6+ Kb3 34. Qxb5+ 1-0

[Event "Titled Tuesday intern op 01st Apr Late"]
[Site "Chess.com INT"]
[Date "2025.04.01"]
[Round "5"]
[White "Belov, Alexei"]
[Black "Gluszko, Tomasz"]
[Result "1-0"]
[WhiteElo "2421"]
[BlackElo "2189"]
[PlyCount "73"]
[EventDate "2025.04.01"]
[EventType "swiss (blitz)"]
[EventRounds "11"]
[EventCountry "USA"]
[SourceTitle "CB21_2025"]
[SourceDate "2025.05.21"]
[SourceVersion "1"]
[SourceVersionDate "2025.05.21"]
[SourceQuality "1"]

1. e4 c5 2. Nf3 e6 3. d4 cxd4 4. Nxd4 Nf6 5. Nc3 Nc6 6. Ndb5 Bb4 7. a3 Bxc3+ 8. Nxc3 d5 9. exd5 exd5 10. Bd3 d4 11. Ne2 Bf5 12. 0-0 Bxd3 13. Qxd3 0-0 14. Bf4 Re8 15. Rad1 Rc8 16. Rfe1 a6 17. h3 h6 18. Qb3 b5 19. a4 Qb6 20. c3 dxc3 21. Nxc3 Rxe1+ 22. Rxe1 Nd4 23. Qd1 bxa4 24. Be3 Rd8 25. Qxa4 Qc6 26. Qa5 Ne6 27. Qf5 Rb8 28. Re2 h5 29. g4 hxg4 30. hxg4 Qc4 31. f3 Ne8 32. Rh2 g6 33. Qe5 N8g7 34. Nd5 Rb7 35. Nf6+ Kf8 36. Qd6+ Re7 37. Rh8# 1-0

[Event "Titled Tuesday intern op 25th Mar Early"]
[Site "Chess.com INT"]
[Date "2025.03.25"]
[Round "10"]
[White "Belov, Alexei"]
[Black "Bargsten, Justus"]
[Result "1-0"]
[WhiteElo "2421"]
[BlackElo "2229"]
[PlyCount "71"]
[EventDate "2025.03.25"]
[EventType "swiss (blitz)"]
[EventRounds "11"]
[EventCountry "USA"]
[SourceTitle "CB14_2025"]
[SourceDate "2024.11.01"]
[SourceVersion "1"]
[SourceVersionDate "2024.11.01"]
[SourceQuality "1"]

1. e4 c5 2. Nf3 Nc6 3. d4 cxd4 4. Nxd4 e5 5. Nb5 d6 6. Bc4 a6 7. N5c3 Be6 8. Nd5 Rc8 9. Bb3 Nd4 10. c3 Nxb3 11. axb3 Be7 12. 0-0 Nf6 13. Nxe7 Qxe7 14. Bg5 0-0 15. c4 Rfd8 16. Nc3 h6 17. Bxf6 Qxf6 18. Qd3 Rc5 19. Rfd1 Kh7 20. Qe3 b5 21. Rxa6 Bc8 22. Raxd6 Rxd6 23. Qxc5 Rxd1+ 24. Nxd1 Qd8 25. Ne3 bxc4 26. bxc4 Bb7 27. Qxe5 Qd2 28. h3 Qe1+ 29. Kh2 Qxf2 30. Qf5+ Qxf5 31. exf5 g6 32. b4 gxf5 33. Nxf5 Kg6 34. Nd6 Ba8 35. b5 Kf6 36. b6 1-0

[Event "Titled Tuesday intern op 25th Mar Early"]
[Site "Chess.com INT"]
[Date "2025.03.25"]
[Round "9"]
[White "Belov, Alexei"]
[Black "Gallegos, Carlos"]
[Result "1/2-1/2"]
[WhiteElo "2421"]
[BlackElo "2374"]
[PlyCount "128"]
[EventDate "2025.03.25"]
[EventType "swiss (blitz)"]
[EventRounds "11"]
[EventCountry "USA"]
[SourceTitle "CB14_2025"]
[SourceDate "2024.11.01"]
[SourceVersion "1"]
[SourceVersionDate "2024.11.01"]
[SourceQuality "1"]

1. e4 d6 2. d4 Nf6 3. Nc3 c6 4. f4 Qa5 5. Bd3 e5 6. Nf3 Nbd7 7. 0-0 Be7 8. Ne2 0-0 9. c3 Re8 10. Ng3 h6 11. Kh1 Bf8 12. Be3 Qc7 13. a4 b6 14. Qc2 Bb7 15. Nf5 c5 16. d5 Bxd5 17. exd5 e4 18. Bxe4 Nxe4 19. Rae1 Ndf6 20. c4 a6 21. Nd2 b5 22. b3 Qd7 23. Nxe4 Nxe4 24. Ng3 Nxg3+ 25. hxg3 bxa4 26. bxa4 Rab8 27. Bd2 Qg4 28. Qd3 Be7 29. f5 Qd4 30. Qxd4 cxd4 31. Bf4 Rbc8 32. Re4 Bf8 33. Rxd4 Re2 34. Rb1 Ra2 35. Rb6 Rxa4 36. Bxd6 Bxd6 37. Rxd6 Rcxc4 38. Rxc4 Rxc4 39. Rxa6 Rd4 40. d6 Kh7 41. Kg1 h5 42. Kf2 f6 43. Ke3 Rd1 44. Kf4 Rd4+ 45. Ke3 Rd1 46. Ke2 Rd5 47. Ke3 Kh6 48. Ke4 Rd1 49. Kf4 Rd4+ 50. Kf3 Kg5 51. Ke3 Rd5 52. Ke4 Rd1 53. Ra7 Kh6 54. Rd7 Kh7 55. Rd8 Rd2 56. d7 Rd1 57. Ke3 Rd6 58. Kf2 Rd3 59. Kg1 Rd1+ 60. Kh2 Rd3 61. Kh3 Rd4 62. Kh2 Rd3 63. Kh3 Rd4 64. Kh2 Rd3 1/2-1/2

[Event "Titled Tuesday intern op 25th Mar Early"]
[Site "Chess.com INT"]
[Date "2025.03.25"]
[Round "11"]
[White "Ermolaev, Evgeny"]
[Black "Belov, Alexei"]
[Result "1-0"]
[WhiteElo "2282"]
[BlackElo "2421"]
[PlyCount "49"]
[EventDate "2025.03.25"]
[EventType "swiss (blitz)"]
[EventRounds "11"]
[EventCountry "USA"]
[SourceTitle "CB14_2025"]
[SourceDate "2024.11.01"]
[SourceVersion "1"]
[SourceVersionDate "2024.11.01"]
[SourceQuality "1"]

1. d4 d5 2. c4 e6 3. Nf3 Nf6 4. g3 Be7 5. Bg2 0-0 6. 0-0 dxc4 7. Ne5 Nc6 8. Bxc6 bxc6 9. Nxc6 Qe8 10. Nxe7+ Qxe7 11. Qc2 e5 12. dxe5 Qxe5 13. Bf4 Qc5 14. Be3 Qh5 15. f3 Re8 16. Bf2 Bb7 17. Nc3 Nd5 18. Nxd5 Bxd5 19. e4 Bb7 20. Bd4 c5 21. Bc3 f5 22. Rae1 fxe4 23. fxe4 Rad8 24. Rf5 Qxf5 25. exf5 1-0

[Event "Titled Tuesday intern op 25th Mar Early"]
[Site "Chess.com INT"]
[Date "2025.03.25"]
[Round "6"]
[White "Musial, Igor"]
[Black "Belov, Alexei"]
[Result "1-0"]
[WhiteElo "2289"]
[BlackElo "2421"]
[PlyCount "63"]
[EventDate "2025.03.25"]
[EventType "swiss (blitz)"]
[EventRounds "11"]
[EventCountry "USA"]
[SourceTitle "CB14_2025"]
[SourceDate "2024.11.01"]
[SourceVersion "1"]
[SourceVersionDate "2024.11.01"]
[SourceQuality "1"]

1. e4 e6 2. d4 d5 3. Nc3 Nf6 4. e5 Nfd7 5. f4 c5 6. Nf3 Nc6 7. Be3 Qb6 8. Na4 Qa5+ 9. c3 b6 10. Bd2 c4 11. b4 Nxb4 12. cxb4 Bxb4 13. Qc2 Bxd2+ 14. Nxd2 b5 15. Nc3 b4 16. Nce4 dxe4 17. Nxc4 b3+ 18. Qd2 Qxd2+ 19. Kxd2 bxa2 20. Rxa2 Ke7 21. Be2 Bb7 22. Rha1 a6 23. g3 Rhb8 24. Ra3 Bd5 25. Ke3 Bxc4 26. Bxc4 Nb6 27. Bxa6 Nd5+ 28. Kxe4 f5+ 29. Kf3 Rb4 30. Ra4 Rxa4 31. Rxa4 Nc3 32. Ra3 1-0

[Event "Titled Tuesday intern op 18th Mar Late"]
[Site "Chess.com INT"]
[Date "2025.03.18"]
[Round "1"]
[White "Boshra, Alshaeby"]
[Black "Belov, Alexei"]
[Result "0-1"]
[WhiteElo "1952"]
[BlackElo "2421"]
[PlyCount "58"]
[EventDate "2025.03.18"]
[EventType "swiss (blitz)"]
[EventRounds "11"]
[EventCountry "USA"]
[SourceTitle "CB13_2025"]
[SourceDate "2025.03.26"]
[SourceVersion "1"]
[SourceVersionDate "2025.03.26"]
[SourceQuality "1"]

1. e4 e6 2. d4 d5 3. Nc3 Nf6 4. e5 Nfd7 5. Nce2 c5 6. c3 Nc6 7. f4 Qb6 8. Nf3 Be7 9. Be3 Qxb2 10. g3 cxd4 11. cxd4 Nb4 12. Kf2 Qc2 13. Qxc2 Nxc2 14. Rc1 Nxe3 15. Kxe3 Nb6 16. Nd2 0-0 17. Rc7 Bd8 18. Rc2 Bd7 19. Nb3 Nc4+ 20. Kf3 Be7 21. Nc3 Rac8 22. Bd3 f6 23. Rhc1 fxe5 24. dxe5 Nxe5+ 25. Ke2 Nxd3 26. Kxd3 Be8 27. Ke3 Bg6 28. Rd2 Ba3 29. Re1 Rxc3+ 0-1

[Event "Titled Tuesday intern op 11th Mar Early"]
[Site "Chess.com INT"]
[Date "2025.03.11"]
[Round "1"]
[White "Belov, Alexei"]
[Black "Martine, Jean Christophe"]
[Result "1-0"]
[WhiteElo "2421"]
[BlackElo "2000"]
[PlyCount "123"]
[EventDate "2025.03.11"]
[EventType "swiss (blitz)"]
[EventRounds "11"]
[EventCountry "USA"]
[SourceTitle "CB12_2025"]
[SourceDate "2025.03.19"]
[SourceVersion "1"]
[SourceVersionDate "2025.03.19"]
[SourceQuality "1"]

1. e4 e6 2. d4 d5 3. Nd2 Nf6 4. e5 Nfd7 5. Bd3 c5 6. c3 Nc6 7. Ne2 Qb6 8. Nf3 cxd4 9. cxd4 f6 10. exf6 Nxf6 11. 0-0 Bd6 12. Nc3 0-0 13. a3 a6 14. Re1 Bd7 15. h3 Rac8 16. Be3 Qc7 17. Rc1 Qb8 18. b4 e5 19. dxe5 Nxe5 20. Nxe5 Bxe5 21. Bc5 Rfe8 22. Na4 Bh2+ 23. Kh1 Rxe1+ 24. Qxe1 Bxa4 25. g3 Bxg3 26. fxg3 Re8 27. Qf2 Bc6 28. Kh2 Qe5 29. Bd4 Qg5 30. Rf1 Rf8 31. Bf5 Bd7 32. Bxd7 Nxd7 33. Qg2 Rxf1 34. Qxf1 Nf6 35. Qe2 Ne4 36. g4 Qf4+ 37. Kg1 Qg3+ 38. Qg2 Qxg2+ 39. Kxg2 Kf8 40. Kf3 g6 41. Kf4 Kf7 42. Ke5 Ng5 43. Kxd5 Nxh3 44. Kd6 Nf4 45. Be3 Ne6 46. Kd7 h5 47. gxh5 gxh5 48. Bf2 b5 49. Kc6 Kf6 50. Kb6 Ke5 51. Kxa6 Nc7+ 52. Kb6 Nd5+ 53. Kxb5 Nc3+ 54. Kc4 Ne4 55. Bh4 Nd6+ 56. Kc5 Ne4+ 57. Kc6 Nc3 58. b5 Kd4 59. a4 Kc4 60. b6 Nd5 61. b7 Ne7+ 62. Bxe7 1-0

[Event "Titled Tuesday intern op 11th Mar Early"]
[Site "Chess.com INT"]
[Date "2025.03.11"]
[Round "10"]
[White "Buscar, Michael"]
[Black "Belov, Alexei"]
[Result "0-1"]
[WhiteElo "2016"]
[BlackElo "2421"]
[PlyCount "82"]
[EventDate "2025.03.11"]
[EventType "swiss (blitz)"]
[EventRounds "11"]
[EventCountry "USA"]
[SourceTitle "CB12_2025"]
[SourceDate "2025.03.19"]
[SourceVersion "1"]
[SourceVersionDate "2025.03.19"]
[SourceQuality "1"]

1. d4 d5 2. c4 e6 3. Nc3 Be7 4. cxd5 exd5 5. Qc2 c6 6. Bf4 g6 7. e3 Bf5 8. Bd3 Bxd3 9. Qxd3 Nf6 10. Nf3 Nbd7 11. Ne5 0-0 12. 0-0 Nxe5 13. Bxe5 Nd7 14. Bg3 Re8 15. Rab1 a5 16. a3 a4 17. Qc2 b5 18. Na2 Rc8 19. Nc1 Nb6 20. Nd3 Nc4 21. Qe2 Bd6 22. Qg4 h5 23. Qf3 Nd2 24. Qe2 Nxb1 25. Rxb1 Bxg3 26. hxg3 Qf6 27. Qf3 Qe6 28. Rc1 Kg7 29. Rc5 f6 30. Nb4 Rh8 31. Qf4 g5 32. Qf3 h4 33. g4 Rhf8 34. Qh3 Qe4 35. Rc2 f5 36. gxf5 Rxf5 37. Qh2 c5 38. dxc5 Rxc5 39. f3 Qxe3+ 40. Kf1 Rxc2 41. Nxc2 Qc1+ 0-1

[Event "Titled Tuesday intern op 11th Mar Early"]
[Site "Chess.com INT"]
[Date "2025.03.11"]
[Round "7"]
[White "Pavlidou, Ekaterini"]
[Black "Belov, Alexei"]
[Result "0-1"]
[WhiteElo "2160"]
[BlackElo "2421"]
[PlyCount "132"]
[EventDate "2025.03.11"]
[EventType "swiss (blitz)"]
[EventRounds "11"]
[EventCountry "USA"]
[SourceTitle "CB12_2025"]
[SourceDate "2025.03.19"]
[SourceVersion "1"]
[SourceVersionDate "2025.03.19"]
[SourceQuality "1"]

1. d4 d5 2. c4 e6 3. Nc3 Be7 4. Nf3 Nf6 5. Bg5 Nbd7 6. e3 0-0 7. Rc1 a6 8. a4 c5 9. cxd5 Nxd5 10. Bxe7 Qxe7 11. Nxd5 exd5 12. dxc5 Nxc5 13. Qxd5 Nxa4 14. Qd4 b5 15. b3 Rd8 16. Qf4 Qa3 17. e4 Qb4+ 18. Nd2 Nc3 19. Qc7 Rxd2 20. Rxc3 Rd4 21. Be2 Be6 22. 0-0 h6 23. Qb7 Rad8 24. Rg3 Rxe4 25. Re3 Rxe3 26. fxe3 Qxb3 27. Qb6 Rd2 28. Bf3 b4 29. Be4 g6 30. h4 h5 31. Qc5 Kh7 32. Qxh5+ Kg7 33. Qe5+ Kg8 34. h5 Qxe3+ 35. Kh1 Qe2 36. Rg1 Qxh5+ 37. Qxh5 gxh5 38. Ra1 b3 39. Rxa6 b2 40. Ra8+ Kg7 41. Rb8 Kf6 42. Bf3 Bf5 43. Rb6+ Kg5 44. Rb4 b1Q+ 45. Rxb1 Bxb1 46. Kh2 Bf5 47. Bc6 f6 48. Bf3 h4 49. Bb7 Kf4 50. Bc6 Be4 51. Kh3 Bxc6 52. Kxh4 Bxg2 53. Kh5 Be4 54. Kh6 Rh2+ 55. Kg7 f5 56. Kf6 Bf3 57. Kg6 Bg4 58. Kf6 Kg3 59. Kg6 f4 60. Kg5 f3 61. Kg6 f2 62. Kg7 Rh5 63. Kg6 f1Q 64. Kg7 Qa6 65. Kg8 Rb5 66. Kg7 Rb7+ 0-1

[Event "Titled Tuesday intern op 04th Mar Early"]
[Site "Chess.com INT"]
[Date "2025.03.04"]
[Round "3"]
[White "Belov, Alexei"]
[Black "Parfenov, Viktor N"]
[Result "0-1"]
[WhiteElo "2421"]
[BlackElo "2193"]
[PlyCount "144"]
[EventDate "2025.03.04"]
[EventType "swiss (blitz)"]
[EventRounds "11"]
[EventCountry "USA"]
[SourceTitle "CB11_2025"]
[SourceDate "2025.03.12"]
[SourceVersion "1"]
[SourceVersionDate "2025.03.12"]
[SourceQuality "1"]

1. e4 e6 2. d4 d5 3. Nd2 c5 4. Ngf3 Nc6 5. exd5 exd5 6. Bb5 Qe7+ 7. Be2 Qc7 8. 0-0 cxd4 9. Nb3 Nf6 10. Nfxd4 a6 11. Re1 Be7 12. c3 0-0 13. Bd3 Bd6 14. h3 Ne5 15. Bc2 h6 16. Nf5 Bxf5 17. Bxf5 Rad8 18. Nd4 Nc6 19. Be3 Rfe8 20. Bc2 Nxd4 21. Bxd4 Be5 22. Qd2 Bxd4 23. Qxd4 Qc6 24. Rad1 Rxe1+ 25. Rxe1 Re8 26. Re5 Rxe5 27. Qxe5 Qe8 28. Qxe8+ Nxe8 29. Kf1 Kf8 30. Ke2 Ke7 31. Ke3 Kd6 32. Bf5 Nf6 33. Kd4 a5 34. a4 b6 35. b4 g6 36. Bd3 Nd7 37. f4 Nf8 38. f5 g5 39. Bb5 Nh7 40. Be8 f6 41. Bf7 Nf8 42. Bxd5 Nd7 43. Be6 Ne5 44. bxa5 bxa5 45. c4 Nc6+ 46. Kc3 Kc5 47. Bd7 Ne5 48. Bb5 h5 49. Ba6 h4 50. Bb5 Nf7 51. Bd7 Nd6 52. Be6 Ne4+ 53. Kd3 Nd6 54. Ke3 Nxc4+ 55. Kf3 Nb6 56. Kg4 Nxa4 57. Kh5 Kd6 58. Kg6 Ke7 59. Kh5 Nc5 60. Bc4 a4 61. Kg4 a3 62. g3 Na4 63. gxh4 gxh4 64. Kxh4 Nc3 65. Kh5 a2 66. Bxa2 Nxa2 67. Kg6 Nc3 68. h4 Nd5 69. h5 Nf4+ 70. Kh6 Kf7 71. Kh7 Nxh5 72. Kh6 Ng3 0-1

[Event "Titled Tuesday intern op 04th Mar Early"]
[Site "Chess.com INT"]
[Date "2025.03.04"]
[Round "10"]
[White "Belov, Alexei"]
[Black "Zmijanac, Dusko"]
[Result "1-0"]
[WhiteElo "2421"]
[BlackElo "1984"]
[PlyCount "81"]
[EventDate "2025.03.04"]
[EventType "swiss (blitz)"]
[EventRounds "11"]
[EventCountry "USA"]
[SourceTitle "CB11_2025"]
[SourceDate "2025.03.12"]
[SourceVersion "1"]
[SourceVersionDate "2025.03.12"]
[SourceQuality "1"]

1. e4 Nf6 2. e5 Nd5 3. d4 d6 4. Nf3 Bg4 5. Be2 e6 6. c4 Nb6 7. exd6 cxd6 8. 0-0 Be7 9. Nc3 0-0 10. a4 a6 11. a5 N6d7 12. Be3 Nc6 13. d5 Nxa5 14. b4 Bxf3 15. gxf3 Bf6 16. Rc1 Nxc4 17. Bxc4 Rc8 18. Ne4 b5 19. dxe6 Rxc4 20. Rxc4 bxc4 21. exd7 Qxd7 22. Nxf6+ gxf6 23. Qd4 Qe6 24. Kh1 Rc8 25. Bh6 Kh8 26. Rg1 Rg8 27. Rxg8+ Kxg8 28. Qg4+ Qxg4 29. fxg4 d5 30. Be3 Kf8 31. Bd4 Ke7 32. Kg2 Ke6 33. Kf3 f5 34. h3 fxg4+ 35. Kxg4 f5+ 36. Kf4 Kd7 37. Kxf5 Kc6 38. Ke5 h5 39. Bc3 h4 40. f4 Kb5 41. Kxd5 1-0